|
|
|
|
| LEADER |
00000cam a2200000 7i4500 |
| 001 |
0000083735 |
| 005 |
20190626.0 |
| 008 |
190612 |
| 020 |
|
|
|a 9789674606756
|
| 041 |
0 |
|
|a Malay
|
| 090 |
0 |
0 |
|a 899.2309
|b ESE
|
| 245 |
1 |
0 |
|a Esei-esei karya guru-murid :
|b kalam dijulang, maruah disangga
|
| 260 |
|
|
|a Kuala Lumpur :
|b Institut Terjemahan & Buku Malaysia Berhad ,
|c 2018
|
| 300 |
|
|
|a 218p. ;
|c 18.4cm.
|
| 541 |
0 |
0 |
|c Purchased on 2019
|f 0501/19 STA
|h RM30.00
|
| 650 |
|
0 |
|a Malay literature
|x History and criticism
|
| 700 |
0 |
|
|a Ahmad Zamani Ishak
|
| 700 |
0 |
|
|a Zulkifli Jamaasim
|
| 999 |
|
|
|a 0001578039
|b Book
|c Adult Collection
|e Cawangan Batu Pahat
|
| 999 |
|
|
|a 0001579749
|b Book
|c Adult Collection
|e Cawangan Tmn. Ungku Tun Aminah
|
| 999 |
|
|
|a 0001579750
|b Book
|c Adult Collection
|e Cawangan Bandar Tenggara
|
| 999 |
|
|
|a 0001579751
|b Book
|c Adult Collection
|e Cawangan Sri Merlong
|
| 999 |
|
|
|a 0001579752
|b Book
|c Adult Collection
|e Cawangan Bukit Gambir
|
| 999 |
|
|
|a 0001579753
|b Book
|c Adult Collection
|e Cawangan Muar
|
| 999 |
|
|
|a 0001579754
|b Book
|c Adult Collection
|e Cawangan Pontian
|
| 999 |
|
|
|a 0001579755
|b Book
|c Adult Collection
|e Cawangan Tangkak
|
| 999 |
|
|
|a 0001579756
|b Book
|c Adult Collection
|e Cawangan Kota Tinggi
|
| 999 |
|
|
|a 0001579757
|b Book
|c Adult Collection
|e Cawangan Bandar Penawar
|
| 999 |
|
|
|a 0001579758
|b Book
|c Adult Collection
|e Cawangan Taman Sri Lambak
|
| 999 |
|
|
|a 0001579759
|b Book
|c Adult Collection
|e Cawangan Batu Pahat
|
| 999 |
|
|
|a 0001579760
|b Book
|c Adult Collection
|e Cawangan Mersing
|
| 999 |
|
|
|a 0001579761
|b Book
|c Adult Collection
|e Cawangan Segamat
|
| 999 |
|
|
|a 0001580089
|b Book
|c Adult Collection
|e Perbadanan Perpustakaan Awam Johor
|
| 999 |
|
|
|a 0001580090
|b Book
|c Adult Collection
|e Perbadanan Perpustakaan Awam Johor
|
| 999 |
|
|
|a 0001580091
|b Book
|c Adult Collection
|e Cawangan Urban Transformation Centre
|
| 999 |
|
|
|a 0001580092
|b Book
|c Adult Collection
|e Cawangan AEON Kulaijaya
|